Computational methods for fluid dynamics (Record no. 2051)

000 -LEADER
fixed length control field 00472nam a22001577a 4500
008 - FIXED-LENGTH DATA ELEMENTS--GENERAL INFORMATION
fixed length control field 200212b ||||| |||| 00| 0 eng d
020 ## - INTERNATIONAL STANDARD BOOK NUMBER
International Standard Book Number 8181282272
100 ## - MAIN ENTRY--PERSONAL NAME
9 (RLIN) 1648
Personal name Ferziger, J.H.
245 10 - TITLE STATEMENT
Title Computational methods for fluid dynamics
250 ## - EDITION STATEMENT
Edition statement 3rd ed.
260 ## - PUBLICATION, DISTRIBUTION, ETC. (IMPRINT)
Place of publication, distribution, etc New-Delhi
Name of publisher, distributor, etc Springer
Date of publication, distribution, etc 2004
300 ## - PHYSICAL DESCRIPTION
Extent xiv,423p.
650 #0 - SUBJECT ADDED ENTRY--TOPICAL TERM
Topical term or geographic name as entry element Computational Fluid Dynamics
General subdivision Mechanical Engineering
700 ## - ADDED ENTRY--PERSONAL NAME
9 (RLIN) 1650
Personal name Perci, M.
942 ## - ADDED ENTRY ELEMENTS (KOHA)
Item type Books
Holdings
Withdrawn status Lost status Source of classification or shelving scheme Damaged status Not for loan Permanent location Current location Date acquired Source of acquisition Full call number Barcode Date last seen Cost, replacement price Koha item type
          IMU Kolkata IMU Kolkata 2005-07-05 Jyoti, the Book People 620.1 F412 09593 2020-02-12 481.00 Books
          IMU Kolkata IMU Kolkata 2005-07-05 Jyoti, the Book People 620.1 F412 09594 2020-02-12 481.00 Books
Designed and Maintained by IMU-KC Library, Kolkata Campus © Copyright All Rights Reserved

webs counters

Powered by Koha